| 000 -LEADER |
| fixed length control field |
01590cam a22003737a 4500 |
| 001 - CONTROL NUMBER |
| control field |
13342535 |
| 005 - DATE AND TIME OF LATEST TRANSACTION |
| control field |
20170201102218.0 |
| 008 - FIXED-LENGTH DATA ELEMENTS--GENERAL INFORMATION |
| fixed length control field |
030912s2003 nyua bc 000 0 eng d |
| 010 ## - LIBRARY OF CONGRESS CONTROL NUMBER |
| LC control number |
2003112777 |
| 015 ## - NATIONAL BIBLIOGRAPHY NUMBER |
| National bibliography number |
GBA3-V6335 |
| 016 7# - NATIONAL BIBLIOGRAPHIC AGENCY CONTROL NUMBER |
| Record control number |
0870700952 |
| Source |
Uk |
| 020 ## - INTERNATIONAL STANDARD BOOK NUMBER |
| International Standard Book Number |
0870700952 (pbk.) : |
| Terms of availability |
£18.95 |
| 035 ## - SYSTEM CONTROL NUMBER |
| System control number |
(DLC)13342535 |
| 040 ## - CATALOGING SOURCE |
| Original cataloging agency |
StDuBDS |
| Transcribing agency |
StDuBDS |
| Modifying agency |
Uk |
| -- |
CStRLIN |
| -- |
NNMoMA |
| -- |
DLC |
| 042 ## - AUTHENTICATION CODE |
| Authentication code |
lccopycat |
| 050 00 - LIBRARY OF CONGRESS CALL NUMBER |
| Classification number |
NA6230 |
| Item number |
.T338 2003 |
| 245 00 - TITLE STATEMENT |
| Title |
Tall buildings / |
| Statement of responsibility, etc. |
preface by Terence Riley ; essay by Guy Nordenson. |
| 260 ## - PUBLICATION, DISTRIBUTION, ETC. (IMPRINT) |
| Place of publication, distribution, etc. |
New York : |
| Name of publisher, distributor, etc. |
Museum of Modern Art : |
| -- |
Distributed in the U.S. and Canada by D.A.P., |
| Date of publication, distribution, etc. |
c2003. |
| 300 ## - PHYSICAL DESCRIPTION |
| Extent |
192 p. : |
| Other physical details |
ill. (chiefly col.) ; |
| Dimensions |
31 cm. |
| 500 ## - GENERAL NOTE |
| General note |
Catalog of an exhibition held at MoMA QNS, July 16-Sept. 27, 2004, organized by Terence Riley and Guy Nordenson. |
| 504 ## - BIBLIOGRAPHY, ETC. NOTE |
| Bibliography, etc |
Includes bibliographical references. |
| 650 #0 - SUBJECT ADDED ENTRY--TOPICAL TERM |
| Topical term or geographic name as entry element |
Tall buildings |
| Form subdivision |
Exhibitions. |
| 650 #0 - SUBJECT ADDED ENTRY--TOPICAL TERM |
| Topical term or geographic name as entry element |
Architecture, Modern |
| Chronological subdivision |
20th century |
| Form subdivision |
Exhibitions. |
| 650 #0 - SUBJECT ADDED ENTRY--TOPICAL TERM |
| Topical term or geographic name as entry element |
Architecture, Modern |
| Chronological subdivision |
21st century |
| Form subdivision |
Exhibitions. |
| 700 1# - ADDED ENTRY--PERSONAL NAME |
| Personal name |
Riley, Terence. |
| 700 1# - ADDED ENTRY--PERSONAL NAME |
| Personal name |
Nordenson, Guy. |
| 710 2# - ADDED ENTRY--CORPORATE NAME |
| Corporate name or jurisdiction name as entry element |
Museum of Modern Art (New York, N.Y.) |
| 942 ## - ADDED ENTRY ELEMENTS (KOHA) |
| Source of classification or shelving scheme |
|
| Koha item type |
Hard Covered Materials |
| Classification part |
NA6230 .T338 2003 |